000 00554nam a22001817a 4500
999 _c101395
_d101395
005 20230522115708.0
010 _aENG-115470
020 _a9789381384923
_c150.00
035 _aEN-99002
037 _bDBAD/PUB
082 _a618.24
100 _aSaraswat,Nishtha
245 _aPregnancy made comfortable with yoga & dietetics /
_cNishtha Saraswat
260 _aNew Delhi
_bV & S Publishers
_c2015
270 _aF-2/16,Ansari Road,Daryaganj
_bNew Delhi
_e110002
300 _a129p. :
_c24cm(pbk)
_bill
942 _2ddc
_cEN
_h618.24
_mSAR